Statystyki dla Top 10 krajów o najbardziej niebezpiecznych zwierzętach

Kliknij tutaj aby rozwiązać quiz!

Ogólne statystyki

  • Ten quiz został rozwiązany 1 981 razy
  • Średni wynik to 5 z 10

Statystyki odpowiedzi

#Kraj% Poprawnych
1Australia
89%
2.Brazylia
83%
7.Stany Zjednoczone
83%
9.Kanada
66%
8.Indie
63%
6.Chile
42%
10.Boliwia
32%
5.Demokratyczna Republika
Konga
22%
3.Czad
15%
4.Mozambik
8%

Rozkład punktacji

Percentyl według liczby udzielonych odpowiedzi

Procent ludzi z każdym wynikiem

Twoja historia wyników

Nie rozwiązałeś tego quizu